Statistics for Words Ending In O (A-Z)

Click here to take the quiz!

General Stats

  • This quiz has been taken 86 times
  • The average score is 21 of 26

Answer Stats

HintAnswer% Correct
CA building for gambling and entertainmentCasino
97%
HBonjour in EnglishHello
97%
FLarge, pink aquatic birds with long legs and neckFlamingo
95%
KLarge, iconic Australian marsupialKangaroo
94%
RThe love of Juliet's lifeRomeo
94%
AA person lacking pigmentAlbino
91%
BMexican dish with ingredients wrapped in a flour tortillaBurrito
91%
VA vote that blocks a decisionVeto
91%
EA developing human from conception to the 8th weekEmbryo
90%
TFormal dress for a manTuxedo
90%
DWild Australian dogDingo
88%
LA long noosed rope used to catch animalsLasso
88%
PMexican currencyPeso
88%
JFruit-flavored dessert made from gelatin powderJello
87%
IA deep shade of blueIndigo
86%
WA town in central Belgium where Napoleon met his final defeatWaterloo
85%
YFamous search engineYahoo
85%
UDo...others as you would have them do...youUnto
82%
SItty-bitty male swimming suitSpeedo
81%
QMain protagonist of the novel The Hunchback of Notre-DameQuasimodo
79%
XA prefix meaning “alien,” “strange,” “guest,”Xeno
73%
OGreek liquor flavored with aniseOuzo
64%
MA member of the Mafia crime syndicateMafioso
62%
NElementary particle with zero charge and zero massNeutrino
38%
GAnother word for a chickpeaGarbanzo
27%
ZLouisiana music combining French, Caribbean and blues genresZydeco
18%

Score Distribution

Percentile by Number Answered

Percent of People with Each Score

Your Score History

You have not taken this quiz